000 00586nmm a2200193Ia 4500
008 251105s9999||||xx |||||||||||||||||und||
020 _a9789875910003
041 _aspa
100 _aYuni, José A.
245 0 _aEducación de adultos mayores : teoría, investigación e intervenciones
264 _a[Buenos Aires, Argentina] :
_bEditorial Brujas,
_c2015
300 _a292 páginas
650 _aEducation
700 _aYuni, José A.
700 1 _a Urbano, Claudio A.
700 1 _a Tarditi, Liliana
856 _uhttps://public.digitaliapublishing.com/a/41854
942 _cCF
999 _c72723
_d72723